Statistics for First Five Countries Alphabetically by Continent

Click here to take the quiz!

General Stats

  • This quiz has been taken 79,660 times
    (79,657 since last reset)
  • The average score is 21 of 30

Answer Stats

ContinentCountry% Correct
South AmericaArgentina
94%
OceaniaAustralia
93%
South AmericaBrazil
88%
AfricaAlgeria
86%
EuropeAndorra
85%
South AmericaBolivia
84%
EuropeAlbania
83%
South AmericaChile
83%
South AmericaColombia
82%
AfricaAngola
78%
North AmericaAntigua & Barbuda
77%
North AmericaCanada
77%
AsiaArmenia
76%
AsiaAzerbaijan
76%
EuropeBelgium
76%
EuropeAustria
74%
North AmericaBarbados
73%
OceaniaFiji
73%
North AmericaBahamas
72%
AsiaAfghanistan
71%
North AmericaBelize
70%
AfricaBotswana
63%
EuropeBelarus
61%
AfricaBenin
59%
AsiaBahrain
53%
AsiaBangladesh
51%
OceaniaKiribati
50%
OceaniaMarshall Islands
45%
AfricaBurkina Faso
45%
OceaniaF. S. Micronesia
40%

Score Distribution

Percentile by Number Answered

Percent of People with Each Score

Your Score History

You have not taken this quiz since the last reset